[Event "SM-gruppen"]
[Site "Göteborg"]
[Date "2004.07.14"]
[Round "5"]
[White "Hermansson,E"]
[Black "Wedberg,T"]
[Result "1-0"]
[WhiteElo "2428"]
[BlackElo "2533"]
[Annotator ""]

1.e4 e5 2.Nf3 Nc6 3.Bb5 a6 4.Ba4 Nf6 5.O-O Nxe4 6.d4 b5 7.Bb3
d5 8.dxe5 Be6 9.Nbd2 Be7 10.c3 Nc5 11.Bc2 Bg4 12.Re1 O-O 13.Nb3
Ne6 14.a4 b4 15.Qd3 g6 16.Bh6 Re8 17.Rad1 bxc3 18.bxc3 Bf5 19.Qd2
Bxc2 20.Qxc2 Qd7 21.Re3 Red8 22.Red3 Rab8 23.h3 Bf8 24.Bxf8 Kxf8
25.Qa2 Ne7 26.Qa3 Rxb3 27.Qxb3 Nc5 28.Qb4 Nxd3 29.Rxd3 Kg8 30.Qc5
c6 31.Qb6 Qc8 32.Rd1 Re8 33.a5 c5 34.Rd2 Qe6 35.Qd6 h6 36.Qxc5
Rc8 37.Qd6 Rxc3 38.Nd4 Rc1+ 39.Kh2 Qxd6 40.exd6 Nc6 41.d7 1-0

[Event "SM-gruppen"]
[Site "Göteborg"]
[Date "2004.07.14"]
[Round "5"]
[White "Olsson,An"]
[Black "Brynell,S"]
[Result "0-1"]
[WhiteElo "2426"]
[BlackElo "2459"]
[Annotator ""]

1.e4 e6 2.d4 d5 3.Nd2 c5 4.Ngf3 a6 5.exd5 exd5 6.dxc5 Bxc5 7.Nb3
Bb6 8.Be2 Nf6 9.O-O O-O 10.Nfd4 Nc6 11.c3 Re8 12.Re1 Qd6 13.g3
Bh3 14.Be3 Ne5 15.Qc2 Nfg4 16.Bf4 Qf6 17.Bd3 Nxd3 18.Qxd3 g5
19.Be3 Rxe3 0-1

[Event "SM-gruppen"]
[Site "Göteborg"]
[Date "2004.07.14"]
[Round "5"]
[White "Svensson,B"]
[Black "Ernst,T"]
[Result "1/2-1/2"]
[WhiteElo "2377"]
[BlackElo "2456"]
[Annotator ""]

1.e4 e5 2.Nf3 Nc6 3.Bb5 a6 4.Ba4 Nf6 5.O-O Be7 6.Re1 b5 7.Bb3
d6 8.c3 O-O 9.h3 Bb7 10.d4 Re8 11.Nbd2 Bf8 12.d5 Nb8 13.Nf1 Nbd7
14.N3h2 Nc5 15.Bc2 c6 16.b4 Ncd7 17.dxc6 Bxc6 18.Bg5 Be7 19.Bxf6
Nxf6 20.Ng4 Nxg4 21.Qxg4 Bg5 22.Bb3 Bd7 23.Qf3 Be6 24.Red1 Qb6
25.Rd3 Bxb3 26.axb3 Re6 27.Ne3 Bxe3 28.Qxe3 Qc6 29.Rc1 h6 30.c4
bxc4 31.bxc4 Rb8 32.c5 dxc5 33.bxc5 Rb4 34.f3 Rb2 35.Rd2 Rxd2
36.Qxd2 Qc7 37.Qb4 1/2-1/2

[Event "SM-gruppen"]
[Site "Göteborg"]
[Date "2004.07.15"]
[Round "6"]
[White "Barkhagen,J"]
[Black "Svensson,B"]
[Result "1-0"]
[WhiteElo "2477"]
[BlackElo "2377"]
[Annotator ""]

1.d4 d5 2.c4 c6 3.Nf3 Nf6 4.Nc3 dxc4 5.a4 Bf5 6.Ne5 e6 7.f3 Bb4
8.e4 Bxe4 9.fxe4 Nxe4 10.Bd2 Qxd4 11.Nxe4 Qxe4+ 12.Qe2 Bxd2+
13.Kxd2 Qd5+ 14.Kc2 Na6 15.Nxc4 O-O 16.Qe5 Rab8 17.a5 f6 18.Qxd5
cxd5 19.Nd2 Rfc8+ 20.Kb3 Kf7 21.h4 Rc7 22.Rh3 Nc5+ 23.Ka3 Rbc8
24.Rc3 Ke7 25.Rac1 Kd6 26.b4 Nd7 27.Rxc7 Rxc7 28.Rxc7 Kxc7 29.Bb5
e5 30.Nb3 g6 31.Nc5 Nf8 32.Be8 b6 33.axb6+ axb6 34.Na4 d4 35.Bf7
f5 36.Kb3 e4 37.Kc4 d3 38.Nc3 Kd6 39.Kd4 Ne6+ 40.Ke3 Nf8 41.Kd4
Nd7 42.Bb3 Nf6 43.Bd1 Ne8 44.b5 Nc7 45.Bb3 Ke7 46.Bc4 Kf6 47.Na4
Na8 48.g3 Ke7 49.Bd5 Nc7 50.Bc6 Ne6+ 51.Ke3 Kd6 52.Nxb6 Kc5 53.Nd7+
Kd6 54.Nf6 h6 55.Nd5 g5 56.h5 Ng7 57.Nf6 Ke5 58.b6 f4+ 59.gxf4+
gxf4+ 60.Kd2 e3+ 61.Kxd3 Kd6 62.b7 1-0

[Event "SM-gruppen"]
[Site "Göteborg"]
[Date "2004.07.15"]
[Round "6"]
[White "Berg,E"]
[Black "Akesson,J"]
[Result "1-0"]
[WhiteElo "2510"]
[BlackElo "2360"]
[Annotator ""]

1.e4 e6 2.d4 d5 3.Nc3 Bb4 4.e5 Ne7 5.a3 Bxc3+ 6.bxc3 c5 7.a4
Nbc6 8.Nf3 Qa5 9.Bd2 Bd7 10.Bb5 a6 11.Be2 f6 12.c4 Qc7 13.cxd5
Nxd5 14.c4 Nde7 15.exf6 gxf6 16.d5 exd5 17.cxd5 Nxd5 18.O-O O-O-O
19.Qc2 Nd4 20.Nxd4 cxd4 21.Qb2 Nc3 22.Bf3 Bc6 23.Bxc3 Bxf3 24.Bxd4
Bc6 25.Rac1 Rhg8 26.Rxc6 bxc6 27.Bxf6 Rd5 28.Qe2 Rf8 29.Bh4 Kb7
30.Bg3 Qd7 31.h3 Rd8 32.Rb1+ Ka7 33.Kh2 c5 34.a5 Qe8 35.Qc4 Qc6
36.Rb6 Qc8 37.Rb8 Qc6 38.Rb6 Qc8 39.Bb8+ Ka8 40.Bf4 Ka7 41.Rb8
Qc6 42.Qb3 R5d6 43.Rb6 Qd5 44.Bxd6 Qxb3 45.Rxb3 Rxd6 46.Kg3 c4
47.Rc3 Rc6 48.Kf4 Rc5 49.Ke4 Kb7 50.f4 Kc6 51.f5 Kb5 52.f6 Rc7
53.Kd5 Kb4 54.Rf3 c3 55.f7 Rc5+ 56.Ke6 c2 57.Rf1 Rc8 58.Kd7 Ra8
59.Ke7 Kxa5 60.Rc1 1-0

[Event "SM-gruppen"]
[Site "Göteborg"]
[Date "2004.07.15"]
[Round "6"]
[White "Ernst,T"]
[Black "Olsson,An"]
[Result "1-0"]
[WhiteElo "2456"]
[BlackElo "2426"]
[Annotator ""]

1.e4 e6 2.d4 d5 3.Nc3 Bb4 4.e5 c5 5.a3 Bxc3+ 6.bxc3 Ne7 7.Qg4
O-O 8.Bd3 Nbc6 9.Qh5 Ng6 10.Nf3 Qc7 11.Be3 Nce7 12.h4 Bd7 13.Qg4
f5 14.Qh3 Qa5 15.h5 Nh8 16.Bd2 Qa4 17.Qg3 c4 18.Be2 Qxc2 19.Rc1
Qb2 20.O-O b6 21.Rb1 Qc2 22.Rfc1 f4 23.Qg5 Qe4 24.Qxe7 Rf7 25.Ng5
Rxe7 26.Nxe4 dxe4 27.Bxf4 Rc8 28.Re1 Be8 29.Bd1 g6 30.h6 Nf7
31.Rxe4 Nd8 32.Bg5 Rd7 33.Bg4 Bf7 34.Bxd8 Rdxd8 35.Rf4 Rd5 36.Re1
Re8 37.Re3 Rd7 38.Ref3 Rde7 39.Kf1 b5 40.Ke2 a5 41.Ke3 Rc7 42.d5
exd5 43.e6 Rce7 44.Rxf7 1-0

[Event "SM-gruppen"]
[Site "Göteborg"]
[Date "2004.07.15"]
[Round "6"]
[White "Hermansson,E"]
[Black "Agrest,E"]
[Result "0-1"]
[WhiteElo "2428"]
[BlackElo "2602"]
[Annotator ""]

1.e4 c5 2.Nf3 d6 3.d4 Nf6 4.Nc3 cxd4 5.Nxd4 a6 6.Be3 e6 7.f3
b5 8.g4 b4 9.Nce2 h6 10.Qd2 e5 11.Nb3 Nc6 12.O-O-O a5 13.Kb1
Be6 14.Ng3 a4 15.Nc1 Rb8 16.h4 d5 17.Bd3 d4 18.Bf2 b3 19.cxb3
axb3 20.a3 Nd7 21.g5 Nc5 22.f4 Na4 23.f5 Nc3+ 24.bxc3 b2 25.Nce2
Bb3 26.cxd4 Qd6 27.Bb5 Rxb5 28.dxe5 Ba2+ 29.Kc2 b1Q+ 30.Rxb1
Bxb1+ 31.Rxb1 Qxd2+ 0-1

[Event "SM-gruppen"]
[Site "Göteborg"]
[Date "2004.07.15"]
[Round "6"]
[White "Hillarp Persson,T"]
[Black "Couso,L"]
[Result "1/2-1/2"]
[WhiteElo "2529"]
[BlackElo "2377"]
[Annotator ""]

1.d4 d5 2.c4 c6 3.Nc3 Nf6 4.e3 a6 5.Nf3 b5 6.b3 Bg4 7.Qc2 Bxf3
8.gxf3 e6 9.c5 Nbd7 10.f4 h6 11.Bb2 Qc7 12.O-O-O g5 13.f5 e5
14.Kb1 O-O-O 15.a4 exd4 16.exd4 Kb7 17.b4 Rb8 18.Re1 Kc8 19.Bd3
Rg8 20.Bc1 Kd8 21.axb5 axb5 22.h4 g4 23.h5 Ra8 24.Qe2 Qa7 25.Kc2
Qb8 26.Bd2 Ra7 27.Qf1 Bg7 28.Ra1 Re8 29.Rxa7 Qxa7 30.Qa1 Qxa1
31.Rxa1 Nxh5 32.Ra6 Nb8 33.Rb6 Kc7 34.Bxb5 Bxd4 35.Bxc6 Nxc6
36.Nxd5+ Kd7 37.b5 Bxc5 38.Rxc6 Rc8 39.Rxc8 Kxc8 40.Ne3 Nf6 41.Kd3
h5 42.Ke2 Ne4 43.Bc1 Nd6 44.Nd5 Bd4 45.Be3 Nxb5 46.Bxd4 Nxd4+
47.Ke3 Nxf5+ 48.Kf4 Ng7 49.Nf6 Kd8 50.Kg5 Ke7 51.Nxh5 Nxh5 52.Kxh5
f5 53.Kg5 Ke6 54.Kf4 Kf6 55.f3 1/2-1/2

[Event "SM-gruppen"]
[Site "Göteborg"]
[Date "2004.07.15"]
[Round "6"]
[White "Wedberg,T"]
[Black "Ong,Kez"]
[Result "0-1"]
[WhiteElo "2533"]
[BlackElo "2202"]
[Annotator ""]

1.e4 e5 2.Nf3 Nc6 3.Bb5 a6 4.Ba4 Nf6 5.O-O Be7 6.Re1 b5 7.Bb3
d6 8.c3 O-O 9.h3 Na5 10.Bc2 c5 11.d4 Qc7 12.Nbd2 cxd4 13.cxd4
Bb7 14.d5 Rac8 15.Bd3 Nd7 16.Nf1 f5 17.Ng3 f4 18.Nf5 Rxf5 19.exf5
Nf6 20.b3 Bxd5 21.Bd2 Nc6 22.Ng5 Qd7 23.Rc1 Bd8 24.Ne6 Bb6 25.a4
Qa7 26.Rf1 e4 27.Nxf4 exd3 28.Nxd5 Nxd5 29.Qf3 Qf7 30.axb5 axb5
31.Qxd3 Bc5 32.Qxb5 Qxf5 33.Qc4 Qf7 34.Qa6 Qf5 35.Kh1 Ncb4 36.Qc4
Kh8 37.Bxb4 Nxb4 38.Rfd1 Rf8 39.f3 h6 40.Ra1 Nc2 41.b4 Ne3 42.Qh4
Nxd1 43.bxc5 Ne3 44.cxd6 Qg6 45.Qf2 Nf5 46.Ra6 Rd8 47.g4 Nxd6
48.Qd4 Kh7 49.Qb6 Qf6 50.Kg2 Qe7 51.Qb1+ Kh8 52.Qa2 Re8 53.Ra8
Rxa8 54.Qxa8+ Qe8 55.Qd5 Nf7 56.Kf2 Kg8 57.h4 Qd8 58.Qh5 Qd2+
59.Kg3 Qe1+ 60.Kh3 Qf1+ 61.Kg3 Qe1+ 62.Kh3 Qe5 63.Qg6 Qd5 64.Kh2
Qxf3 65.Qe6 Qf6 66.Qe8+ Kh7 67.Qe4+ Qg6 68.Qe2 Nd6 69.Kh3 Qe4
70.Qf1 Nc4 71.h5 Qxg4+ 0-1

[Event "SM-gruppen"]
[Site "Göteborg"]
[Date "2004.07.16"]
[Round "7"]
[White "Agrest,E"]
[Black "Wedberg,T"]
[Result "1/2-1/2"]
[WhiteElo "2602"]
[BlackElo "2533"]
[Annotator ""]

1.Nf3 c5 2.e4 Nc6 3.d4 cxd4 4.Nxd4 g6 5.c4 Bg7 6.Be3 Nf6 7.Nc3
O-O 8.Be2 d6 9.O-O Bd7 10.Qd2 Nxd4 11.Bxd4 Bc6 12.f3 a5 13.b3
Nd7 14.Be3 Nc5 15.Rab1 Qb6 16.Rfc1 Rfc8 17.Rc2 Qd8 18.Bf1 Be5
19.Rd1 Qb6 20.Rb1 Qd8 21.Qe1 Qf8 22.Nd5 Qd8 23.Rd1 e6 24.Nc3
Qe7 25.Kh1 Na6 26.Nb1 Nc5 27.Kg1 Qf8 28.Qh4 Na6 29.Rcd2 a4 30.f4
Bg7 31.f5 Be5 32.Rf2 exf5 33.exf5 axb3 34.axb3 Nc5 35.Nd2 Ra3
36.Nf3 Bxf3 37.Rxf3 Rxb3 38.fxg6 hxg6 39.Be2 Qg7 40.Qg4 f5 41.Qh4
Rb2 42.Bf1 Re8 43.Bh6 Qe7 44.Bg5 Qh7 45.Qxh7+ Kxh7 46.Rh3+ Kg7
47.Bc1 Rc2 48.Rf3 Ra8 49.Be3 Ne4 50.Rb1 Rb2 51.Rxb2 Bxb2 52.g4
Ra3 53.Kg2 Ra2 54.Kh1 Be5 55.gxf5 Rxh2+ 56.Kg1 Ra2 57.Bg2 Ra1+
58.Rf1 Rxf1+ 59.Kxf1 gxf5 60.Ke2 Nc3+ 61.Kd3 b5 62.c5 dxc5 63.Bxc5
Kf6 64.Bb4 Na2 65.Bd2 Ke6 66.Kc2 b4 67.Kb3 Nc3 68.Kxb4 Ne4 1/2-1/2

[Event "SM-gruppen"]
[Site "Göteborg"]
[Date "2004.07.16"]
[Round "7"]
[White "Akesson,J"]
[Black "Hermansson,E"]
[Result "1/2-1/2"]
[WhiteElo "2360"]
[BlackElo "2428"]
[Annotator ""]

1.d4 Nf6 2.c4 g6 3.g3 c6 4.Bg2 d5 5.b3 Bg7 6.Nf3 O-O 7.O-O Bf5
8.Bb2 Qa5 9.e3 Nbd7 10.Qe2 Rac8 11.Nbd2 Ne4 12.Nxe4 Bxe4 13.Bh3
Bxf3 14.Qxf3 e6 15.Rfc1 b5 1/2-1/2

[Event "SM-gruppen"]
[Site "Göteborg"]
[Date "2004.07.16"]
[Round "7"]
[White "Akesson,R"]
[Black "Ernst,T"]
[Result "0-1"]
[WhiteElo "2485"]
[BlackElo "2456"]
[Annotator ""]

1.b3 e5 2.Bb2 d6 3.g3 Nf6 4.Bg2 Nc6 5.c4 g6 6.Nf3 Bg7 7.d4 exd4
8.Nxd4 Nxd4 9.Qxd4 O-O 10.Nc3 Re8 11.Nd5 Nh5 12.Qd2 Bxb2 13.Qxb2
c6 14.Nc3 Nf6 15.O-O Qe7 16.Rad1 Bf5 17.Rd4 Rad8 18.e4 Bc8 19.Rfd1
Qe5 20.f4 Qc5 21.h3 Rd7 22.Kh2 Red8 23.b4 Qh5 24.R4d3 Qh6 25.Qa3
a6 26.Na4 d5 27.cxd5 cxd5 28.e5 Ne4 29.Nb6 Rc7 30.Bxe4 Qxh3+
31.Kg1 Rc2 32.R1d2 Qe6 33.Nxc8 Rdxc8 34.Bxd5 Qh3 35.Bg2 Qg4 36.Kf2
Qd1 37.Rxc2 Rxc2+ 38.Ke3 Qg1+ 39.Ke4 Qxg2+ 40.Kd4 b5 41.Rc3 Rxa2
42.Qc1 Kg7 43.Kc5 Qb7 44.Kd6 Qb6+ 45.Ke7 Qe6+ 46.Kd8 Qd5+ 47.Kc7
a5 48.Rc5 Qe6 49.Rxb5 axb4 50.Qc5 Ra8 51.Rb8 Rxb8 52.Kxb8 b3
53.Qb5 h6 54.Qb4 Qd5 55.Kc7 g5 56.Qc3 Kg6 57.fxg5 hxg5 58.Kb6
Kf5 0-1

[Event "SM-gruppen"]
[Site "Göteborg"]
[Date "2004.07.16"]
[Round "7"]
[White "Couso,L"]
[Black "Berg,E"]
[Result "0-1"]
[WhiteElo "2377"]
[BlackElo "2510"]
[Annotator ""]

1.e4 e6 2.d4 d5 3.Nc3 Bb4 4.e5 c5 5.Qg4 Ne7 6.dxc5 Nbc6 7.Bd2
O-O 8.Bd3 Bxc3 9.bxc3 Nxe5 10.Bxh7+ Kxh7 11.Qh5+ Kg8 12.Qxe5
f6 13.Qh5 Qc7 14.Ne2 Qxc5 15.O-O e5 16.Ng3 Be6 17.Rab1 b6 18.Rb4
Bf7 19.Qh3 Qc8 20.Qh4 Ng6 21.Qh5 Nf4 22.Qh4 Ng6 23.Qh5 Ne7 24.Qh4
d4 25.cxd4 Qxc2 26.Bc1 Nc6 27.dxe5 Nxb4 28.exf6 gxf6 29.Qxb4
Rad8 30.Bh6 Rfe8 31.Qf4 Qg6 32.Nf5 Kh7 33.Qh4 Qxf5 34.Bg5+ Bh5
35.Qxh5+ Kg8 36.f4 fxg5 37.fxg5 Qh7 38.Qg4 Qe4 39.Qh5 Rf8 0-1

[Event "SM-gruppen"]
[Site "Göteborg"]
[Date "2004.07.16"]
[Round "7"]
[White "Ong,Kez"]
[Black "Brynell,S"]
[Result "0-1"]
[WhiteElo "2202"]
[BlackElo "2459"]
[Annotator ""]

1.e4 e6 2.d4 d5 3.exd5 exd5 4.Bd3 c5 5.dxc5 Bxc5 6.Nf3 Nf6 7.O-O
O-O 8.h3 Qd6 9.Nbd2 Nc6 10.c3 Bxh3 11.Ng5 Bd7 12.b4 Bb6 13.Nc4
Qc7 14.Nxb6 Qxb6 15.b5 Ne7 16.Be3 Qd6 17.Bd4 Bf5 18.Qc2 Bxd3
19.Qxd3 Ng6 20.Rad1 Rfe8 21.Qg3 Qxg3 22.fxg3 Ne5 23.Rf5 Neg4
24.Nh3 Re2 25.Nf4 Rxa2 26.Nxd5 Re8 27.Bxf6 gxf6 28.Rf4 h5 29.Rxg4+
hxg4 30.Nxf6+ Kf8 31.Nxe8 Kxe8 32.Rd4 f5 33.Rf4 Rc2 34.Ra4 Rxc3
35.Rxa7 Rc7 36.b6 Re7 37.Kf2 Kf7 38.Ra5 Kf6 39.Ra7 Ke5 40.Ra5+
Ke4 41.Ra4+ Kd3 42.Ra3+ Kd4 43.Ra4+ Kc3 44.Ra5 Re6 45.Rc5+ Kb3
46.Rxf5 Rxb6 47.Rg5 Rb4 48.Ke2 Ka4 49.Rg7 b6 50.Rg6 Ka5 51.Kd2
Rc4 52.Kd3 b5 53.Rf6 Kb4 54.Kd2 Kb3 55.Rf5 b4 56.Rf4 Rc2+ 57.Ke3
Rc3+ 58.Ke2 Rxg3 59.Kf2 Rc3 60.Rxg4 Ka3 61.Ke2 b3 62.Kd2 Rc5
63.Rg8 Ra5 64.Kc1 Ka2 65.Rb8 Rc5+ 66.Kd1 Rc4 67.Ra8+ Kb1 68.Rb8
b2 69.g3 Rg4 0-1

[Event "SM-gruppen"]
[Site "Göteborg"]
[Date "2004.07.16"]
[Round "7"]
[White "Svensson,B"]
[Black "Hillarp Persson,T"]
[Result "0-1"]
[WhiteElo "2377"]
[BlackElo "2529"]
[Annotator ""]

1.e4 c5 2.Nf3 d6 3.d4 cxd4 4.Nxd4 Nf6 5.Nc3 a6 6.f4 e6 7.Qf3
Qb6 8.Nb3 Qc7 9.Bd3 b5 10.Be3 Bb7 11.a3 Nbd7 12.O-O Be7 13.Rae1
h5 14.Kh1 Ng4 15.Bg1 g5 16.f5 e5 17.Nd5 Bxd5 18.exd5 Ngf6 19.c4
bxc4 20.Rc1 g4 21.Qd1 Qb7 22.Bxc4 Bd8 23.Qd2 h4 24.Qb4 Qxb4 25.axb4
Rb8 26.Bxa6 Rxb4 27.Nd2 Rxb2 28.Nc4 Ne4 29.Be3 Rb3 30.Rb1 Rxb1
31.Rxb1 Bc7 32.Rc1 Kd8 33.Na5 Nec5 34.Nc6+ Ke8 35.Bb5 Kf8 36.Bxc5
dxc5 37.Rc4 Nf6 38.Rxc5 Kg7 39.Rc4 Ra8 40.Ra4 Rxa4 41.Bxa4 Nxd5
42.Bb3 Ne3 43.Ne7 Bd6 44.f6+ Kxf6 45.Nd5+ Nxd5 46.Bxd5 h3 47.gxh3
gxh3 48.Kg1 Bc5+ 49.Kh1 Be7 50.Kg1 Kg6 51.Kf2 Bh4+ 52.Kf3 f5
53.Bc4 e4+ 54.Kf4 Kf6 55.Bf1 Bg5+ 56.Kg3 f4+ 57.Kxh3 Kf5 58.Kg2
f3+ 59.Kg3 Bh4+ 0-1

[Event "SM-gruppen"]
[Site "Göteborg"]
[Date "2004.07.18"]
[Round "8"]
[White "Agrest,E"]
[Black "Akesson,J"]
[Result "1-0"]
[WhiteElo "2602"]
[BlackElo "2360"]
[Annotator ""]

1.c4 c6 2.Nf3 d5 3.e3 Nf6 4.Qc2 g6 5.b3 Bg7 6.Bb2 O-O 7.Be2 Bf5
8.d3 Na6 9.O-O Rc8 10.a3 Re8 11.h3 Nc5 12.Rd1 a5 13.Nbd2 b5 14.Bd4
Ncd7 15.e4 Be6 16.Rac1 bxc4 17.bxc4 Nh5 18.Bxg7 Nxg7 19.Nb3 dxc4
20.dxc4 Qc7 21.Qc3 a4 22.Nbd4 c5 23.Nb5 Qf4 24.Nd2 Nb8 25.g3
Qh6 26.h4 Nc6 27.Nf1 Bh3 28.Qe3 Qxe3 29.Nxe3 e5 30.Nd5 Nd4 31.Nxd4
exd4 32.Nf6+ Kf8 33.Nxe8 Rxe8 34.f3 Be6 35.Kf2 f5 36.Rb1 fxe4
37.fxe4 Bf7 38.Bd3 Nh5 39.Rb6 Kg7 40.Rc6 Nf6 41.Rxc5 Rxe4 42.Be2
Re3 43.Rxd4 Rxa3 44.Ra5 Ra2 45.Ra7 a3 46.Ke3 Ra1 47.Rd1 1-0

[Event "SM-gruppen"]
[Site "Göteborg"]
[Date "2004.07.18"]
[Round "8"]
[White "Barkhagen,J"]
[Black "Akesson,R"]
[Result "1/2-1/2"]
[WhiteElo "2477"]
[BlackElo "2485"]
[Annotator ""]

1.d4 Nf6 2.c4 e6 3.Nf3 b6 4.e3 Bb7 5.Bd3 c5 6.O-O d6 7.Nc3 Nbd7
8.Re1 Be7 9.e4 cxd4 10.Nxd4 a6 11.a4 O-O 12.a5 Nc5 13.axb6 Nxd3
14.Qxd3 Qxb6 15.Be3 Qc7 16.f3 Rac8 17.b3 d5 18.exd5 exd5 19.Nxd5
Bxd5 20.cxd5 Nxd5 21.Nf5 Nxe3 22.Nxe7+ Qxe7 23.Qxe3 Qxe3+ 1/2-1/2

[Event "SM-gruppen"]
[Site "Göteborg"]
[Date "2004.07.18"]
[Round "8"]
[White "Berg,E"]
[Black "Svensson,B"]
[Result "1-0"]
[WhiteElo "2510"]
[BlackElo "2377"]
[Annotator ""]

1.e4 c5 2.Nf3 Nc6 3.d4 cxd4 4.Nxd4 Nf6 5.Nc3 e5 6.Ndb5 d6 7.Bg5
a6 8.Na3 b5 9.Bxf6 gxf6 10.Nd5 f5 11.g3 fxe4 12.Bg2 Be6 13.Bxe4
Bg7 14.Qh5 Rc8 15.c3 Ne7 16.Rd1 Nxd5 17.Bxd5 Qd7 18.O-O O-O 19.Rd2
Rc5 20.Qd1 Bh3 21.Bg2 Bxg2 22.Kxg2 d5 23.Nc2 Qe6 24.Re1 a5 25.Nd4
Qb6 26.Nf5 Qf6 27.Qh5 Re8 28.f4 Qg6 29.Nxg7 Qxg7 30.fxe5 Qg6
31.Qf3 b4 32.Rd4 Rc4 33.Rxd5 bxc3 34.bxc3 Qc6 35.Rxa5 Qxf3+ 36.Kxf3
Rxc3+ 37.Re3 Rc2 38.h4 Re7 39.Ra4 Kg7 40.Rg4+ Kf8 41.Ra4 Kg7
42.Ra6 Rc1 43.Kg4 Rc4+ 44.Kg5 Rc5 45.Kf5 Rd7 46.Re4 Rdd5 47.Rg4+
Kf8 48.Kf6 1-0

[Event "SM-gruppen"]
[Site "Göteborg"]
[Date "2004.07.18"]
[Round "8"]
[White "Ernst,T"]
[Black "Ong,Kez"]
[Result "1/2-1/2"]
[WhiteElo "2456"]
[BlackElo "2202"]
[Annotator ""]

1.d4 Nf6 2.c4 e6 3.Nc3 Bb4 4.e3 b6 5.Nge2 Ne4 6.Qc2 Bb7 7.a3
Bxc3+ 8.Nxc3 Nxc3 9.Qxc3 O-O 10.b3 d6 11.Bb2 f5 12.O-O-O Nd7
13.f3 Qf6 14.Kb1 Rae8 15.Be2 e5 16.Rhe1 Qg6 17.Bf1 Re7 18.Ka2
a5 19.d5 Kh8 20.Qd2 Qf7 21.a4 Nc5 22.Ba3 Qg6 23.e4 f4 24.Qf2
Rf6 25.Be2 Ref7 26.Rh1 Bc8 27.Rdg1 Kg8 28.Qe1 Rf8 29.g3 Qf7 30.gxf4
Rxf4 31.Rg3 Qd7 32.Rhg1 R4f7 33.Bxc5 dxc5 34.Rg5 Re8 35.Qg3 Qe7
36.Bf1 Qf6 37.Bh3 Bxh3 38.Qxh3 Ree7 39.Rf5 Qd6 40.Rgg5 Rxf5 41.Qxf5
Qh6 42.Ka3 g6 43.Qf6 Qg7 44.Qc6 Qh6 45.Qf6 Qg7 46.Qc6 1/2-1/2

[Event "SM-gruppen"]
[Site "Göteborg"]
[Date "2004.07.18"]
[Round "8"]
[White "Hillarp Persson,T"]
[Black "Olsson,An"]
[Result "1-0"]
[WhiteElo "2529"]
[BlackElo "2426"]
[Annotator ""]

1.d4 d5 2.c4 c6 3.Nc3 Nf6 4.e3 a6 5.Qc2 Bg4 6.h3 Bh5 7.Qb3 Ra7
8.cxd5 cxd5 9.g4 Bg6 10.g5 Ng8 11.Bg2 e6 12.e4 dxe4 13.Be3 Nd7
14.h4 b5 15.Nge2 Rc7 16.Ng3 Bd6 17.h5 Bf5 18.Ngxe4 Bxe4 19.Nxe4
Nb6 20.a4 Nxa4 21.h6 gxh6 22.d5 Rc4 23.dxe6 fxe6 24.Rxa4 Rxa4
25.Qxe6+ Be7 26.Nf6+ Kf8 27.Nd7+ Kg7 28.gxh6+ 1-0

[Event "SM-gruppen"]
[Site "Göteborg"]
[Date "2004.07.18"]
[Round "8"]
[White "Wedberg,T"]
[Black "Brynell,S"]
[Result "1/2-1/2"]
[WhiteElo "2533"]
[BlackElo "2459"]
[Annotator ""]

1.e4 e6 2.d4 d5 3.Nc3 Bb4 4.e5 c5 5.a3 Bxc3+ 6.bxc3 Ne7 7.Nf3
Bd7 8.a4 Qa5 9.Bd2 Nbc6 10.Bb5 Qc7 11.O-O O-O 12.Re1 b6 13.Bd3
h6 14.Qc1 c4 15.Bf1 f6 16.g3 Ng6 17.Bg2 fxe5 18.Nxe5 Ngxe5 19.dxe5
Be8 20.f4 Bg6 21.Qd1 Rad8 22.Bc1 Na5 23.Ba3 Rf7 24.Bh3 Re8 25.Bg4
Qc6 26.Bc1 Nb7 27.Be3 Nc5 28.a5 b5 29.Bh5 Bxh5 30.Qxh5 a6 31.Qg6
Ne4 32.Bd4 Ref8 33.Rf1 Rf5 34.Rae1 h5 35.Re2 Qd7 36.Kg2 Qf7 37.Qxf7+
R8xf7 38.h4 g5 39.hxg5 Nxg5 40.Rh1 Ne4 41.Kf3 Rg7 42.Rg2 Kf7
43.Rh4 Ng5+ 44.Ke3 Ne4 45.Kf3 Ng5+ 1/2-1/2

[Event "SM-gruppen"]
[Site "Göteborg"]
[Date "2004.07.19"]
[Round "9"]
[White "Akesson,J"]
[Black "Wedberg,T"]
[Result "1/2-1/2"]
[WhiteElo "2360"]
[BlackElo "2533"]
[Annotator ""]

1.d4 Nf6 2.Nf3 e6 3.c4 c5 4.d5 d6 5.Nc3 exd5 6.cxd5 g6 7.g3 Bg7
8.Bg2 O-O 9.O-O Na6 10.Nd2 Nc7 11.Nc4 Nfe8 12.a4 b6 13.Qc2 f5
14.Bd2 Bd7 15.Rad1 Rb8 16.Rfe1 b5 17.axb5 Nxb5 18.e3 Nxc3 19.Bxc3
Bb5 20.Na5 Bxc3 21.Qxc3 Qf6 22.Ra1 a6 23.Red1 Nc7 24.Rd2 Bd7
25.Qxf6 Rxf6 26.Bf1 Rb4 27.b3 Kf8 28.Bc4 Bb5 29.Bxb5 Rxb5 30.Rd3
Ke8 31.Nc4 Kd7 32.f3 Rb8 33.e4 fxe4 34.fxe4 Re8 35.Re3 Rff8 36.Nb6+
Kd8 37.Nc4 Kd7 38.Nb6+ 1/2-1/2

[Event "SM-gruppen"]
[Site "Göteborg"]
[Date "2004.07.19"]
[Round "9"]
[White "Akesson,R"]
[Black "Hillarp Persson,T"]
[Result "1-0"]
[WhiteElo "2485"]
[BlackElo "2529"]
[Annotator ""]

1.d4 d5 2.c4 c6 3.Nf3 e6 4.Qc2 f5 5.Bf4 Nf6 6.Nbd2 Bd6 7.e3 O-O
8.Bd3 Ne4 9.O-O Bxf4 10.exf4 Nd7 11.Rad1 h6 12.Ne5 Nxe5 13.fxe5
b6 14.cxd5 cxd5 15.Nb1 Bd7 16.f3 Rc8 17.Qb3 Ng5 18.Nc3 Rc7 19.Rc1
Qe7 20.f4 Be8 21.fxg5 Qxg5 22.Rce1 Qg4 23.Ne2 f4 24.Bb1 Bh5 25.Qf3
Qg5 26.Qd3 Rf5 27.Qd2 Rf8 28.Nxf4 Rcf7 29.g3 1-0

[Event "SM-gruppen"]
[Site "Göteborg"]
[Date "2004.07.19"]
[Round "9"]
[White "Brynell,S"]
[Black "Ernst,T"]
[Result "1-0"]
[WhiteElo "2459"]
[BlackElo "2456"]
[Annotator ""]

1.d4 Nf6 2.c4 g6 3.g3 Bg7 4.Bg2 O-O 5.Nc3 d6 6.Nf3 Nc6 7.O-O
a6 8.h3 Rb8 9.e4 b5 10.e5 Nd7 11.e6 fxe6 12.d5 exd5 13.cxd5 Na5
14.Nd4 Ne5 15.Nce2 Bd7 16.Nf4 Qc8 17.Nde6 Rf7 18.Nxg7 Rxg7 19.b3
Rf7 20.Bb2 c5 21.Re1 Qc7 22.Nd3 Nxd3 23.Qxd3 b4 24.Rac1 Qb6 25.Qe3
Re8 26.Rc2 Nb7 27.Qh6 Nd8 28.Rce2 Qc7 29.Be4 e5 30.dxe6 Nxe6
31.Bxg6 Bc8 32.Bxf7+ Qxf7 33.Re4 Nc7 34.Rxe8+ 1-0

[Event "SM-gruppen"]
[Site "Göteborg"]
[Date "2004.07.19"]
[Round "9"]
[White "Couso,L"]
[Black "Agrest,E"]
[Result "0-1"]
[WhiteElo "2377"]
[BlackElo "2602"]
[Annotator ""]

1.e4 c5 2.Nf3 d6 3.d4 Nf6 4.Nc3 cxd4 5.Nxd4 a6 6.Be2 e5 7.Nf3
h6 8.O-O Be7 9.Bc4 Be6 10.Bb3 O-O 11.Qe2 Nbd7 12.Rd1 Qc7 13.Be3
Rfe8 14.h3 b5 15.a3 Qb7 16.Nd2 Rac8 17.Qf3 a5 18.a4 b4 19.Nb5
Nf8 20.Rac1 Red8 21.Bxe6 Nxe6 22.b3 Ra8 23.Re1 Ra6 24.c3 d5 25.exd5
Qxd5 26.cxb4 Bxb4 27.Red1 e4 28.Qg3 Qh5 29.f3 Raa8 30.Nc4 Nd5
31.Kh1 Nxe3 32.Nxe3 Bd2 33.Ng4 Qg6 0-1

[Event "SM-gruppen"]
[Site "Göteborg"]
[Date "2004.07.19"]
[Round "9"]
[White "Olsson,An"]
[Black "Berg,E"]
[Result "0-1"]
[WhiteElo "2426"]
[BlackElo "2510"]
[Annotator ""]

1.e4 e6 2.d4 d5 3.Nd2 Nf6 4.e5 Nfd7 5.c3 c5 6.f4 Nc6 7.Ndf3 Qb6
8.g3 cxd4 9.cxd4 Bb4+ 10.Kf2 f6 11.Kg2 O-O 12.h4 Rf7 13.Bd3 Nf8
14.a3 Be7 15.b4 Bd7 16.Ne2 a6 17.Bd2 h5 18.f5 fxe5 19.dxe5 Ng6
20.Bf4 exf5 21.Bc2 Be6 22.Bb3 Nf8 23.Ned4 Nxd4 24.Nxd4 Rd8 25.Ra2
a5 26.Rd2 axb4 27.a4 Bc5 28.Nxe6 Nxe6 29.Bxd5 Rxd5 30.Rxd5 Qc6
31.Kh2 b6 32.Rf1 Ra7 33.Qb3 Qxa4 34.Qd3 Qc6 35.Rd1 g6 36.Qc4
Bg1+ 0-1

[Event "SM-gruppen"]
[Site "Göteborg"]
[Date "2004.07.19"]
[Round "9"]
[White "Ong,Kez"]
[Black "Barkhagen,J"]
[Result "1/2-1/2"]
[WhiteElo "2202"]
[BlackElo "2477"]
[Annotator ""]

1.e4 e5 2.Nf3 Nc6 3.Bb5 a6 4.Ba4 Nf6 5.O-O b5 6.Bb3 Bb7 7.c3
Nxe4 8.d4 Na5 9.Nxe5 Nxb3 10.Qxb3 Nd6 11.Re1 Be7 12.Nd2 O-O 13.a4
Rb8 14.axb5 axb5 15.Ndf3 Ne8 16.d5 Nf6 17.Rd1 Qe8 18.Bg5 d6 19.Bxf6
Bxf6 20.Ng4 Bd8 21.Ne3 f5 22.Nc2 f4 23.Ncd4 Qh5 24.Ne6 Rf6 25.Rd4
g5 26.Qxb5 g4 27.Qd7 Qf7 28.Qxf7+ Rxf7 29.Nxd8 Rxd8 30.Ng5 Re7
31.Ne6 Rde8 32.c4 Bc8 33.Rxf4 Bxe6 34.dxe6 h5 35.g3 Rxe6 36.Ra5
Re5 37.Rf5 Rxa5 38.Rxa5 c5 39.Ra6 Re6 40.Kg2 Kf7 41.h3 Kf6 42.hxg4
hxg4 43.Ra3 Re4 44.Rd3 Rxc4 45.Rxd6+ Ke5 46.Rd2 Rc1 47.f3 gxf3+
48.Kxf3 c4 49.Rf2 c3 50.bxc3 Rxc3+ 51.Kg4 Rc8 52.Rf5+ Ke6 53.Kf4
Rg8 54.g4 Rg7 55.Rf8 Ke7 56.Rf5 Ke6 57.Ra5 Rb7 58.Rh5 Kf6 59.Rh6+
Kg7 60.Re6 Rb5 61.g5 1/2-1/2

[Event "SM-gruppen"]
[Site "Göteborg"]
[Date "2004.07.19"]
[Round "9"]
[White "Svensson,B"]
[Black "Hermansson,E"]
[Result "1-0"]
[WhiteElo "2377"]
[BlackElo "2428"]
[Annotator ""]

1.e4 c6 2.d4 d5 3.exd5 cxd5 4.c4 Nf6 5.Nc3 e6 6.Nf3 Bb4 7.cxd5
Nxd5 8.Qc2 Nc6 9.Be2 O-O 10.O-O Be7 11.Rd1 Bf6 12.Qe4 Nce7 13.Bd3
g6 14.h4 Bd7 15.h5 Bc6 16.Qg4 Nxc3 17.bxc3 Nf5 18.Ne5 Qa5 19.Nxc6
bxc6 20.Bd2 Rad8 21.Qf3 c5 22.g4 cxd4 23.c4 Qa4 24.gxf5 exf5
25.Bh6 Rfe8 26.Kh1 Kh8 27.Re1 Rxe1+ 28.Rxe1 Qxa2 29.Qc6 1-0

[Event "SM-gruppen"]
[Site "Göteborg"]
[Date "2004.07.20"]
[Round "10"]
[White "Agrest,E"]
[Black "Svensson,B"]
[Result "1/2-1/2"]
[WhiteElo "2602"]
[BlackElo "2377"]
[Annotator ""]

1.c4 c5 2.Nf3 Nf6 3.Nc3 d5 4.cxd5 Nxd5 5.e4 Nb4 6.Bc4 Nd3+ 7.Ke2
Nf4+ 8.Kf1 Ne6 9.b4 g6 10.Bxe6 Bxe6 11.bxc5 Bg7 12.d4 Nc6 13.Be3
Qa5 14.Rc1 O-O-O 15.h3 f5 16.exf5 gxf5 17.Kg1 Rhf8 18.Qe2 Bg8
19.Kh2 Qc7+ 20.Kg1 Qa5 21.Kh2 Qc7+ 22.Kg1 Qa5 1/2-1/2

[Event "SM-gruppen"]
[Site "Göteborg"]
[Date "2004.07.20"]
[Round "10"]
[White "Akesson,J"]
[Black "Couso,L"]
[Result "1/2-1/2"]
[WhiteElo "2360"]
[BlackElo "2377"]
[Annotator ""]

1.d4 d5 2.c4 c6 3.Nc3 Nf6 4.e3 a6 5.Nf3 b5 6.b3 Bg4 7.Be2 e6
8.O-O Nbd7 9.Bb2 Qb8 10.cxd5 cxd5 11.h3 Bh5 12.Ne5 Bxe2 13.Nxe2
Bd6 14.Nxd7 Nxd7 15.e4 dxe4 16.d5 Bh2+ 17.Kh1 Be5 18.dxe6 fxe6
19.Nd4 Qd6 20.Qg4 O-O 21.Rad1 Nf6 22.Qg5 h6 23.Qg6 Bxd4 24.Rxd4
Qe7 25.Rfd1 Rad8 26.Rxd8 1/2-1/2